• 首页
  • 本馆介绍
  • 公告通知
  • 最新文献
  • 馆藏检索
  • 电子资源
  • 读者导购
  • 参考咨询
  • 我的图书馆
  • 登录
  • 详细信息显示
  • 放入我的书架
  • 预约/预借图书
  • 作者相关作品
  • 分类相关作品
  • 丛书相关作品
  • 出版社相关作品

书目信息

  • 表格格式
  • 工作单格式
  • 卡片格式
题名:
社会融资规模理论与实践
    
 
作者: 盛松成 主编
分册:  
出版信息: 北京   中国金融出版社  2014
页数: 216页
开本: 26cm
丛书名:
单 册:
中图分类: F832.48
科图分类:
主题词: 融资--规模--研究--中国
电子资源:
ISBN: 978-7-5049-7457-0
000 01053nam0 2200241 450
001 338666
005 20150603153143.67
010    @a978-7-5049-7457-0@dCNY46.00
100    @a20140613d2014 em y0chiy50 ea
101 0  @achi
102    @aCN@b110000
105    @ay z 000yy
106    @ar
200 1  @a社会融资规模理论与实践@Ashe hui rong zi gui mo li lun yu shi jian@d= The theory and practice of the aggregate financing to the real economy@f盛松成主编@zeng
210    @a北京@c中国金融出版社@d2014
215    @a216页@d26cm
330    @a本书分为社会融资规模理论与实践、社会融资规模图表及有关历史数据两部分, 具体内容包括: 社会融资规模概念的提出及其定义、社会融资规模的统计原则、社会融资规模的理论基础、社会融资规模与国际金融危机教训、社会融资规模与货币政策传导、社会融资规模与利率市场化等。
510 1  @aTheory and practice of the aggregate financing to the real economy@zeng
606 0  @a融资@x规模@x研究@y中国
690    @aF832.48@v5
701  0 @a盛松成@Asheng song cheng@4主编
801  0 @aCN@b卓展宏图@c20150525
905    @dF832.48@e129@f4
    
    社会融资规模理论与实践= The theory and practice of the aggregate financing to the real economy/盛松成主编.-北京:中国金融出版社,2014
    216页;26cm
    
    
    ISBN 978-7-5049-7457-0:CNY46.00
    本书分为社会融资规模理论与实践、社会融资规模图表及有关历史数据两部分, 具体内容包括: 社会融资规模概念的提出及其定义、社会融资规模的统计原则、社会融资规模的理论基础、社会融资规模与国际金融危机教训、社会融资规模与货币政策传导、社会融资规模与利率市场化等。
●
相关链接 在E读中查询图书 在五车中查询图书 在当当中查询图书 在豆瓣中查询图书


正题名:社会融资规模理论与实践     索取号:F832.48/129         预约/预借

序号 登录号 条形码 馆藏地/架位号 状态 备注
1 860039   208600398   第一样本阅览室/ [索取号:F832.48/129] 在馆    
2 860040   208600405   第一借阅区/ [索取号:F832.48/129] 在馆    
3 860041   208600414   第一借阅区/ [索取号:F832.48/129] 在馆    
4 860042   208600423   第一借阅区/ [索取号:F832.48/129] 在馆    
唐山师范学院图书馆 欢迎您!
大连网信软件有限公司© 版权所有